000 00461nam a2200157Ia 4500
008 210716s2003 xx 000 0 und d
020 _a140390149X
041 _aeng
082 _a651.74014 WATJ
100 _aWatson, James.
245 _aMedia communication: an introduction to theory and proces.
_bIntroduction to theory and proces.
250 _a1
260 _aNew York
_bPalgrave macmillan
_c2003
300 _axv,368
650 _aBusiness Communication
999 _c205965
_d205965